A proper woman : (Record no. 6015)

MARC details
000 -LEADER
fixed length control field 01800nam a22002417a 4500
001 - CONTROL NUMBER
control field 6015
003 - CONTROL NUMBER IDENTIFIER
control field FISKH
005 - DATE AND TIME OF LATEST TRANSACTION
control field 20250403101040.0
008 - FIXED-LENGTH DATA ELEMENTS--GENERAL INFORMATION
fixed length control field 250220b cb ||||| |||| 00| 0 eng d
020 ## - INTERNATIONAL STANDARD BOOK NUMBER
International Standard Book Number 9789924913801
Terms of availability $8.00
040 ## - CATALOGING SOURCE
Original cataloging agency FISKH
Language of cataloging eng
Transcribing agency FISKH
Modifying agency FISKH
050 ## - LIBRARY OF CONGRESS CALL NUMBER
Classification number DS554.T43 A3
082 ## - DEWEY DECIMAL CLASSIFICATION NUMBER
Classification number 920
100 ## - MAIN ENTRY--PERSONAL NAME
Personal name Thon, Thavry
245 ## - TITLE STATEMENT
Title A proper woman :
Remainder of title Life is a beautiful and wonderful gift /
Statement of responsibility, etc. Thavry Thon
260 ## - PUBLICATION, DISTRIBUTION, ETC.
Place of publication, distribution, etc. Phnom Penh :
Name of publisher, distributor, etc. Image Printing,
Date of publication, distribution, etc. 2019.
300 ## - PHYSICAL DESCRIPTION
Extent 223 pages :
Other physical details illustrations ;
Dimensions 18 cm
520 ## - SUMMARY, ETC.
Summary, etc. This is the true story of a young Cambodian woman who has challenged her country's social and cultural norms throughout her life and as a consequence has become an ambassador for female empowerment. Growing up on an island in the Bassac River, removed from many of the conveniences of modern life and surrounded by traditional customs and thought, Thavry's story is one of inspiration to females around the world. As Cambodia slowly recovers from the great turmoil and destruction of civil war and the Khmer Rouge, rural life largely returned to familiar, century-old ways. For women, this meant marrying young, bearing children and working on the family farm, with little say in anything. But with support from her parents, whose own childhood experiences had been greatly shaped by the four years of Khmer Rouge rule, Thavry was taught to value education as a means of breaking from the confines of the village and to forge her own independent future. Her inspiring story shows that encouraging young women to believe in their dreams - and supporting them to do so - can lead to a freedom to learn and grow unknown to earlier generations.
650 ## - SUBJECT ADDED ENTRY--TOPICAL TERM
Topical term or geographic name entry element Sociology,
650 ## - SUBJECT ADDED ENTRY--TOPICAL TERM
Topical term or geographic name entry element Biography
Form subdivision Nonfiction,
942 ## - ADDED ENTRY ELEMENTS (KOHA)
Source of classification or shelving scheme Dewey Decimal Classification
Koha item type Books
Suppress in OPAC No
Holdings
Withdrawn status Lost status Source of classification or shelving scheme Damaged status Not for loan Collection Home library Current library Shelving location Date acquired Total Checkouts Full call number Barcode Date last seen Date last checked out Price effective from Koha item type
    Dewey Decimal Classification     Non-Fiction Footprints International School Library Network Toul Tom Poung Campus Footprints International School Library Network Toul Tom Poung Campus TTP Secondary Non-Fiction Bookshelves 02/20/2025 3 THO 920 DS554.T43 A3 2025-0652 04/21/2026 04/10/2026 02/20/2025 Books